000 00787nam a2200193 a 4500
001 000846933
003 AM-YEHGA
005 20250618080002.0
008 111117s1962 ||||||||||||||||||||rus|c
040 _aAM-YeHGA
041 0 _arus
100 1 _aТронская, Мария Лазаревна
245 1 0 _aНемецкая сатира эпохи просвещения /
_cМ.Л. Тронская ; Ленингр. гос. ун-т им. А.А. Жданова.
260 _aЛенинград :
_bИзд-во Ленингр. ун-та,
_c1962.
300 _a276 с.
650 1 4 _aԳերմանական գրականություն
_95149
710 2 _aЛенинградский государственный университет им. А.А. Жданова
090 _c519451
999 _c515910
_d515910